Candy by Cross Section Quiz Stats

 Plays Quiz Updated Aug 9, 2013

Support Sporcle.
Go Orange.
Score 0/20 Timer 04:00
5 Plays Today
Picture Candy % Correct
1Snickers
93.9%
10Kit Kat
89.6%
2Reese's Peanut Butter Cup
88%
13Hershey's Kiss
87%
3Twix
85.8%
19Milky Way
84.2%
4Almond Joy
75.4%
14Mounds
75%
6Butterfinger
69.3%
20Rolo
67.6%
Picture Candy % Correct
8York Peppermint Pattie
67.6%
5Cadbury Creme Egg
65.1%
12Toblerone
62%
9Pay Day
58%
16Whoppers
53.7%
15M&M's
50.2%
17Hershey's Milk Chocolate Bar
50.1%
18Junior Mints
40.4%
7Baby Ruth
33.7%
11Take 5
25.7%

You're not logged in!

Compare scores with friends on all Sporcle quizzes.
OR
Log In

From the Vault

Match 'Em Up - Presidents & VPs

by rer2121

5 minutes. No points against you for wrong answers. Ready...go!
Remove Ads.
Support Sporcle.
Get the best of Sporcle when you Go Orange. This ad-free experience offers more features, more stats, and more fun while also helping to support Sporcle. Thank you for becoming a member.

Show Comments

Extras

Top Quizzes Today


Score Distribution

Your Account Isn't Verified!

In order to create a playlist on Sporcle, you need to verify the email address you used during registration. Go to your Sporcle Settings to finish the process.

Report this User

Report this user for behavior that violates our Community Guidelines.

Details: